El Costo económico de la guerra de agresión. Denuncia de Nicaragua en La Haya
Gorde:
| Formatua: | Texto |
|---|---|
| Gaiak: | |
| Etiketak: |
Etiketa erantsi
Etiketarik gabe, Izan zaitez lehena erregistro honi etiketa jartzen!
|
MARC
| LEADER | 00000 a a2200000 04500 | ||
|---|---|---|---|
| 001 | 6991 | ||
| 003 | |||
| 040 | |||
| 245 | |a El Costo económico de la guerra de agresión. Denuncia de Nicaragua en La Haya | ||
| 650 | |a CONTRARREVOLUCION | ||
| 650 | |a GUERRA | ||
| 650 | |a DERECHO INTERNACIONAL | ||
| 650 | |a BALANZA DE PAGOS | ||
| 650 | |a CONDICIONES ECONOMICAS | ||
| 650 | |a GUERRA | ||
| 650 | |a PERDIDA ECONOMICA | ||
| 650 | |a PERDIDA FINANCIERA | ||
| 773 | |g número 51; páginas 1b-13b | ||
| 999 | |c 26231 |d 26231 | ||
